| 000 | 00976nam a2200205 i 4500 | ||
|---|---|---|---|
| 001 | 165113 | ||
| 003 | ES-MaACL | ||
| 005 | 20230906213053.0 | ||
| 008 | 050816s1899 sp |||| | spa d | ||
| 100 | 1 |
_aSegalá y Estalella, Manuel. _9132621 |
|
| 245 | 1 | 0 |
_aLactancia mercenaria en Barcelona _b: datos estadísticos referentes a la misma / _cpor Manuel Segalá Estalella. |
| 260 |
_aBarcelona : _b[s.n.], _c1899 ( _fTip La Académica, de Serra hermanos y Russell) |
||
| 300 |
_a16 p. ; _c27 cm. |
||
| 500 | _aEn cub.: Sección 6ª. Higiene infantil. | ||
| 594 | _aPrecede al tít.: IX Congreso Internacional de Higiene y Demografía, Madrid. | ||
| 650 | 4 |
_aAmas de cría. _9149340 |
|
| 650 | 4 |
_aLactantes- _xAlimentación. _9170603 |
|
| 711 | 2 |
_aCongreso Internacional de Higiene y Demografía ( _n9ª. _d1898. _cMadrid) _9135086 |
|
| 852 |
_aES-MaACL _jT-784-F-11 _z- Enc. hol., conservando cub. original _z- Enc. en un vol. facticio _z.- Dedicatoria manuscrita del autor |
||
| 999 |
_c165113 _d165113 |
||